Imiona 12 apostołów - nagła śmierć - Statystyki

Ogólne statystyki
  • Ten quiz został rozwiązany 2 934 razy
  • Średni wynik to 3 z 12
Answers on the Grid
Answers color-coded by a green-red scale on the quiz's grid according to % correct below.
Piotr
Paweł
Jakub
Jan
Ignacy
Marcin
Andrzej
Bartosz
Filip
Bartłomiej
Mateusz
Franciszek
Grzegorz
Adam
Tomasz
Janusz
Karol
Jakub
Marek
Łukasz
Jerzy
Szymon
Juda
Florian
Nikodem
Alfeusz
Judasz
Idelfons
 
Statystyki odpowiedzi
Odpowiedź % Poprawnych
Piotr
90%
Jan
40%
Jakub
30%
Judasz
28%
Andrzej
22%
Tomasz
22%
Szymon
21%
Mateusz
20%
Jakub
19%
Bartłomiej
17%
Filip
16%
Juda
15%
Nie znaleziono quizów pasujących do podanych kryteriów
Rozkład punktacji
Procent ludzi z każdym wynikiem
Percentyl według liczby udzielonych odpowiedzi
Twoja historia wyników
Nie rozwiązałeś tego quizu